000 00520nam a22001937a 4500
003 CEME
005 20210628203246.0
008 210125b xxu||||| |||| 00| 0 eng d
020 _a9780470-398746
040 _c.
082 _a515 ANT
100 _aAnton, Howard, Bivens, Irl, Davis, Stephen
_954798
245 _aCalculus late transcendentals, international student version
250 _a9TH
260 _aASIA
_bJOHN WILEY & SONS
_c2010
300 _aXX,1168P
650 _aCALCULUS.
_922871
942 _cBK
_2ddc
999 _c572869
_d572869